| Tag |
First Indicator |
Second Indicator |
Subfields |
| LEADER |
00000cam a22000008a 4500 |
| 001 |
in00002782017 |
| 005 |
20210728124826.0 |
| 006 |
m d |
| 007 |
cr cn||||||||| |
| 008 |
120118s2012 nju o 001 0 eng |
| 010 |
|
|
|a 2012002400
|
| 019 |
|
|
|a 784124225
|
| 020 |
|
|
|a 111802639X (pbk.)
|
| 020 |
|
|
|a 1118270134 (pdf)
|
| 020 |
|
|
|a 1118270142 (mobi)
|
| 020 |
|
|
|a 1118270150 (epub)
|
| 020 |
|
|
|a 1118270169 (electronic bk.)
|
| 020 |
|
|
|a 9781118026397 (pbk.)
|
| 020 |
|
|
|a 9781118270134 (pdf)
|
| 020 |
|
|
|a 9781118270141 (mobi)
|
| 020 |
|
|
|a 9781118270158 (epub)
|
| 020 |
|
|
|a 9781118270165 (electronic bk.)
|
| 020 |
|
|
|z 9780470889473 (hardback)
|
| 035 |
|
|
|a (OCoLC)773371809
|z (OCoLC)784124225
|
| 035 |
|
|
|a (OCoLC)ocn773371809
|
| 035 |
|
|
|a 3993353
|
| 037 |
|
|
|a 10.1002/9781118270165
|b Wiley InterScience
|n http://www3.interscience.wiley.com
|
| 040 |
|
|
|a DLC
|b eng
|c DLC
|d EBLCP
|d N$T
|d DG1
|d YDXCP
|d CUS
|d TXA
|d UtOrBLW
|
| 042 |
|
|
|a pcc
|
| 049 |
|
|
|a TXAM
|
| 050 |
|
4 |
|a T385
|b .T346 2012eb
|
| 072 |
|
7 |
|a COM
|x 012050
|2 bisacsh
|
| 072 |
|
7 |
|a COM
|x 087020
|2 bisacsh
|
| 072 |
|
7 |
|a PHO
|x 024000
|2 bisacsh
|
| 072 |
|
7 |
|a TEC
|x 015000
|2 bisacsh
|
| 082 |
0 |
0 |
|a 006.6/633
|2 23
|
| 084 |
|
|
|a MAT029000
|2 bisacsh
|
| 100 |
1 |
|
|a Takezawa, Kunio,
|d 1959-
|0 http://id.loc.gov/authorities/names/n2005046225
|
| 245 |
1 |
0 |
|a Guidebook to R graphics using Microsoft Windows /
|c Kunio Takezawa.
|
| 263 |
|
|
|a 1203
|
| 264 |
|
1 |
|a Hoboken, N.J. :
|b Wiley,
|c 2012.
|
| 300 |
|
|
|a 1 online resource (263 pages) :
|b illustrations
|
| 336 |
|
|
|a text
|b txt
|2 rdacontent
|
| 337 |
|
|
|a computer
|b c
|2 rdamedia
|
| 338 |
|
|
|a online resource
|b cr
|2 rdacarrier
|
| 500 |
|
|
|a Electronic resource.
|
| 500 |
|
|
|a Includes index.
|
| 505 |
0 |
|
|a Front Matter -- Basic Graphics -- Graphics for Statistical Analysis -- Interactive R Programs -- Graphics Obtained Using Packages Based on R -- Appendix -- Index.
|
| 520 |
|
|
|a "Guidebook to R Graphics Using Microsoft Windows supplies an elementary-level introduction to the R software environment while also presenting a unique focus on software's ability to generate high-quality graphics. Rather than speak to readers who use R on a regular basis to perform statistical analyses, this book addresses the audience of researchers and students who are not familiar with the software but would like to utilize its graphic functionalities to create visual representations of data for use in their everyday work. The author presents the most commonly-used methods for constructing graphs- allowing readers to gain familiarity with the program's main features, rather than outline R functions and operations in great detail. The book begins with two introductory chapters on getting started with R, producing and running R programs, and techniques for sharing displayed graphics with other softwares and saving graphs as digital files. A discussion of base-package plotting functions is also provided along with how-to guides for developing various kinds of graphics for statistical analysis, including steam-and-leaf displays, boxplots, histograms, scatterplots matrices, and map graphs. Next, the author outlines the interactive R programs that can be used to carry out common tasks related to creating graphics, such as inputting values, moving data on a natural spline, adjusting three-dimensional graphs, and understanding simple and local linear regression. The book concludes with a chapter on the various external packages for R that can be used to create more complex graphics, including rimage, gplots, ggplot2, tripack, rworldmap, and plotrix packages. The scope of coverage and fluid presentation of the material allow the book to serve as a platform for readers to work creatively and productively with their own data while also unveiling the illustrative capabilities of R. The author's explanations are accompanied by numerous screenshots, graphics, and the appropriate R code. A related FTP site houses additional data sets and information on external R packages"--
|c Provided by publisher.
|
| 588 |
|
|
|a Description based on print version record.
|
| 630 |
0 |
0 |
|a Microsoft Windows (Computer file)
|0 http://id.loc.gov/authorities/names/n88027331
|
| 650 |
|
0 |
|a Computer graphics.
|0 http://id.loc.gov/authorities/subjects/sh85029500
|
| 650 |
|
0 |
|a R (Computer program language)
|0 http://id.loc.gov/authorities/subjects/sh2002004407
|
| 650 |
|
7 |
|a MATHEMATICS / Probability & Statistics / General.
|2 bisacsh
|
| 655 |
|
7 |
|a Electronic books.
|2 local
|
| 776 |
0 |
8 |
|i Print version:
|a Takezawa, Kunio, 1959-
|t Guidebook to R graphics using Microsoft Windows.
|d Hoboken, N.J. : Wiley, c2012
|z 9781118026397
|w (DLC) 2011049806
|w (OCoLC)753624251
|
| 830 |
|
0 |
|a Wiley Online Library.
|
| 856 |
4 |
0 |
|u http://proxy.library.tamu.edu/login?url=https://dx.doi.org/10.1002/9781118270165
|z Connect to the full text of this electronic book
|t 0
|
| 948 |
|
|
|a cataloged
|b h
|c 2012/5/22
|d c
|e jlanham
|f 11:51:30 am
|
| 994 |
|
|
|a C0
|b TXA
|
| 999 |
|
|
|a MARS
|
| 999 |
f |
f |
|s 53ea6243-0719-36c0-b928-b772836deb5d
|i b5a6262f-30b8-3649-87d0-60c84242f4c3
|t 0
|
| 952 |
f |
f |
|a Texas A&M University
|b College Station
|c Electronic Resources
|d Available Online
|t 0
|e T385 .T346 2012eb
|h Library of Congress classification
|
| 998 |
f |
f |
|a T385 .T346 2012eb
|t 0
|l Available Online
|